Catecumenado e iniciación cristiana: un desafío para la Iglesia hoy

Saved in:
Bibliographic Details
Main Author: Borobio, Dionisio (Author)
Format: Book
Language:Spanish
Published: Barcelona Centro de Pastoral Litúrgica 2007
Edition:1a. ed
Series:Biblioteca Litúrgica, 30
Subjects:
Tags: Add Tag
No Tags, Be the first to tag this record!

MARC

LEADER 00000cam a2200000 a 4500
001 UCE8741
003 CL-VaPUC
008 150827e20070000sp |||||||||||||||||spa|d
020 |a 9788498052107 
082 0 4 |a 248.4  |b BOR  |2 21 
100 0 |a Borobio, Dionisio  |e author  |9 581456 
245 1 0 |a Catecumenado e iniciación cristiana: un desafío para la Iglesia hoy 
250 |a 1a. ed 
300 |a 229 p 
942 |c BK 
945 |d 20150827 16:13:00  |a gsalatino 
260 |a Barcelona  |b Centro de Pastoral Litúrgica  |c 2007 
650 7 |a SACRAMENTOS LITURGIA  |2 CL-VaPUC  |9 314486 
650 0 |a Catequesis  |9 314526 
650 0 |a Vida cristiana  |9 258753 
583 |a last modification  |c 20150827 16:13:00  |k Rodrigo Vera 
490 0 |a Biblioteca Litúrgica, 30 
999 |c 360520  |d 360518 
952 |0 0  |1 0  |3 erb  |4 0  |6 248_400000000000000_BOR_2007  |7 0  |8 A  |9 470362  |a BIBTEO  |b BIBTEO  |i 5195241  |o 248.4 BOR 2007  |p 5195241  |r 2025-01-17  |w 2019-11-23  |y BK  |z Catalogado en:20150827  |k ICR 
952 |0 0  |1 0  |3 erd  |4 0  |6 248_400000000000000_BOR_2007  |7 0  |8 A  |9 470363  |a BIBTEO  |b BIBTEO  |i 5468124  |o 248.4 BOR 2007  |p 5468124  |r 2025-01-17  |w 2019-11-23  |y BK  |z Catalogado en:20180427  |k ICR